Clic Les douze avenues de l'Etoile à Paris - Statistiques

Statistiques générales
  • Ce quiz a été pris 17 fois
  • Le résultat moyen est 3 sur 12
Statistiques - réponses
Hint Réponse % Correct
Avenue des Champs-Elysées Avenue des Champs-Elysées
79%
Avenue de la Grande Armée Avenue de la Porte Maillot / Avenue de Neuilly
43%
Avenue d'Iéna Boulevard d'Iéna
43%
Avenue Victor-Hugo Avenue de Saint-Cloud / Avenue d'Eylau
29%
Avenue Foch Avenue de l'Impératrice
21%
Avenue Kléber Avenue du Roi-de-Rome / Boulevard de Passy
21%
Avenue Hoche Avenue de la reine Hortense / Boulevard Monceau
14%
Avenue Marceau Avenue Joséphine
14%
Avenue Mac-Mahon Rue de l'arc de triomphe / Avenue du prince Jérôme
14%
Avenue de Friedland Boulevard Beaujon
7%
Avenue de Wagram Boulevard de l'Etoile
7%
Avenue Carnot Cité de l'Etoile / Avenue d'Essling
7%
Aucun quiz correspondant
Distribution des résultats
% des personnes avec chaque résultat
Percentile par nombre de réponses
Votre historique - résultats
Vous n’avez pas pris ce quiz